Szczegóły MARC21

Zarządzanie finansami przedsiębiorstw : podręcznik dla studentów studiów licencjackich. T.1 /

005 -DATA I CZAS OSTATNIEJ MODYFIKACJI [,]
    • @
    • pole kontrolne
    • 20080303084522.0
020 -Międzynarod. znormalizowany nr książki - ISBN [ , ]
    • a
    • Numer ISBN
    • 8388018051 Find
040 -Instytucja sporządzająca opis [ , ]
    • a
    • Instytucja, która sporządziła opis (NP)
    • SZCZ U/MHB
    • c
    • Instytucja, która sporządziła rekord (NP)
    • SZCZ U/MHB
041 -Język dokumentu [0, ]
    • a
    • Język tekstu (P)
    • polski
044 -Kraj miejsca wydania [ , ]
    • a
    • Kraj miejsca wydania
    • Polska
942 -Rodzaj dokumentu [ , ]
    • c
    • Rodzaj dokumentu
    • Książka
100 -Hasło główne - nazwa osobowa [1, ]
    • a
    • Nazwa osobowa (NP)
    • Sangajło, Ryszard
245 -Strefa tytułu i oznaczenia odpowiedzialności [1,0]
    • a
    • Tytuł
    • Zarządzanie finansami przedsiębiorstw : Find
    • b
    • Ciąg dalszy tytułu (NP)
    • podręcznik dla studentów studiów licencjackich. Find
    • n
    • Oznaczenie części (P)
    • T.1 /
    • c
    • Pozostałe elementy strefy tytułu i oznaczenia odpowiedzialności (NP)
    • Ryszard Sangajło, Dariusz Stronka.
260 -Strefa adresu wydawniczego [ , ]
    • a
    • Miejsce wydania (P)
    • Poznań :
    • b
    • Nazwa wydawcy (P)
    • Wyższa Szkoła Komunikacji i Zarządz.,
    • c
    • Data wydania (P)
    • 2001.
300 -Strefa opisu fizycznego [ , ]
    • a
    • Określenie formy książki i/lub objętość (NP)
    • 104 s. :
    • b
    • Oznaczenie ilustracji (NP)
    • wykr. ;
    • c
    • Format (NP)
    • 24 cm.
080 -Uniwersalna Klasyfikacja Dziesiętna [ , ]
    • b
    • Dopowiedzenie
    • Zarządzanie finansami przedsiębiorstw.
    • x
    • Poddział wspólny
    • (Polska)
    • 2
    • Identyfikator wydania tablic
    • UDC -PO22
    • a
    • Symbol klasyfikacji
    • 658.14/.17.012.4(438)
980 -Symbol UKD [ , ]
    • a
    • UKD
    • 658.14/.17.012.4(438)
700 -Hasło dodatkowe - nazwa osobowa [1, ]
    • a
    • Nazwa osobowa (NP)
    • Stronka, Dariusz Find
920 -ISBN [ , ]
    • a
    • ISBN
    • 83-88018-05-1 Find
Numer inwentarzowy Status udost. Data inwentaryzacji Lokalizacja
TM.61-22008-03-03T
TM.62-22008-03-03T